000 00729nam a2200241 a 4500
001 BRCA_7529
005 20190320205856.0
008 160513s1922----gw-a######---#000-0#ger-#
041 _ager
044 _agw
050 4 _aDP42
_b.H54 1922
100 1 _aHielscher, Kurt
_918327
245 1 0 _aDas unbekannte spanien
_bbaukunst, landschaft, volksleben
_cKurt Hielscher.
260 _aBerlín
_bE. Wasmuth
_cc1922
300 _axxii p.
_bil., 304 láminas, fot.
_c31 cm.
500 _aIncluye índice geográfico
500 _aVer también Y122 y Q194 (ed. en español)
500 _aR86
651 4 _aEspaña
_xDescripción y viajes
_97912
651 4 _aEspaña
_xCostumbres populares
_918571
902 _aGFM
942 _2lcc
_cB
999 _c7203
_d7203